<?xml version="1.0" encoding="UTF-8"?>
<collection xmlns="http://www.loc.gov/MARC21/slim">
    <record>
        <controlfield tag="001">58990</controlfield>
        <controlfield tag="005">20170127103255.0</controlfield>
        <datafield tag="037" ind1=" " ind2=" ">
            <subfield code="a">TAZ-TFG-2016-4359</subfield>
        </datafield>
        <datafield tag="041" ind1=" " ind2=" ">
            <subfield code="a">spa</subfield>
        </datafield>
        <datafield tag="100" ind1="1" ind2=" ">
            <subfield code="a">Felis Fumanal, Raquel</subfield>
        </datafield>
        <datafield tag="242" ind1="0" ind2="0">
            <subfield code="a">Social Networking: a portal open to sexual abuse. Approach to the vulnerability of young people in the network.</subfield>
        </datafield>
        <datafield tag="245" ind1="0" ind2="0">
            <subfield code="a">Redes Sociales: portal abierto al abuso sexual. Acercamiento a la vulnerabilidad de los jóvenes en la red.</subfield>
        </datafield>
        <datafield tag="260" ind1=" " ind2=" ">
            <subfield code="a">Zaragoza</subfield>
            <subfield code="b">Universidad de Zaragoza</subfield>
            <subfield code="c">2016</subfield>
        </datafield>
        <datafield tag="500" ind1=" " ind2=" ">
            <subfield code="a">Aporta en secretaría material físico</subfield>
        </datafield>
        <datafield tag="506" ind1=" " ind2=" ">
            <subfield code="a">by-nc-sa</subfield>
            <subfield code="b">Creative Commons</subfield>
            <subfield code="c">3.0</subfield>
            <subfield code="u">http://creativecommons.org/licenses/by-nc-sa/3.0/</subfield>
        </datafield>
        <datafield tag="520" ind1=" " ind2=" ">
            <subfield code="a">En el presente estudio se va a realizar una investigación surgida de la necesidad de abordar la alta incidencia de casos de abuso sexual a menores, más concretamente en menores de 13 a 16 años a través de las redes sociales, sobre el nivel de vulnerabilidad y riesgo al que se exponen, valorando los posibles abusos sexuales en relación al acceso que tanto los agresores como las víctimas tienen a dichas redes sociales. Por tanto se ha procedido a averiguar el perfil de los menores con vulnerabilidad, elaborar un instrumento de evaluación para conseguir un acercamiento al nivel de vulnerabilidad y riesgo al que están sometidos los menores en relación con el abuso sexual infantil y la influencia de las redes sociales, descubrir el concepto de pederastia y otras filias relacionadas, establecer el perfil de los agresores, conocer el desempeño de la labor profesional ejercida por los trabajadores sociales en casos perjudicados por tal problemática, describir las consecuencias físicas y psicológicas para los menores, explorar acerca de las consecuencias jurídicas para los agresores, detallar las dificultades en la prevención y recoger datos estadísticos de menores en relación con las redes sociales.</subfield>
        </datafield>
        <datafield tag="521" ind1=" " ind2=" ">
            <subfield code="a">Graduado en Trabajo Social</subfield>
        </datafield>
        <datafield tag="540" ind1=" " ind2=" ">
            <subfield code="a">Derechos regulados por licencia Creative Commons</subfield>
        </datafield>
        <datafield tag="700" ind1=" " ind2=" ">
            <subfield code="a">Domínguez Oliván, Guillermo</subfield>
            <subfield code="e">dir.</subfield>
        </datafield>
        <datafield tag="710" ind1="2" ind2=" ">
            <subfield code="a">Universidad de Zaragoza</subfield>
            <subfield code="b">Métodos Estadísticos</subfield>
            <subfield code="c">Estadística e Investigación Operativa</subfield>
        </datafield>
        <datafield tag="856" ind1="0" ind2=" ">
            <subfield code="f">626561@celes.unizar.es</subfield>
        </datafield>
        <datafield tag="856" ind1="4" ind2=" ">
            <subfield code="s">959047</subfield>
            <subfield code="u">http://zaguan.unizar.es/record/58990/files/TAZ-TFG-2016-4359.pdf</subfield>
            <subfield code="y">Memoria (spa)</subfield>
        </datafield>
        <datafield tag="909" ind1="C" ind2="O">
            <subfield code="o">oai:zaguan.unizar.es:58990</subfield>
            <subfield code="p">driver</subfield>
            <subfield code="p">trabajos-fin-grado</subfield>
        </datafield>
        <datafield tag="950" ind1=" " ind2=" ">
            <subfield code="a"></subfield>
        </datafield>
        <datafield tag="951" ind1=" " ind2=" ">
            <subfield code="a">deposita:2017-01-26</subfield>
        </datafield>
        <datafield tag="980" ind1=" " ind2=" ">
            <subfield code="a">TAZ</subfield>
            <subfield code="b">TFG</subfield>
            <subfield code="c">SOCIZ</subfield>
        </datafield>
    </record>

    
</collection>